| 000 | 01195nam a2200325 i 4500 | ||
|---|---|---|---|
| 001 | bg | ||
| 245 | 0 | 0 |
_aZarządzanie zasobami ludzkimi / _c[red. prowadzący tomu Krystyna Szczepaniak ; przekł. t. 5 Zofia Wiankowska-Ładyka]. |
| 246 | 1 |
_iTyt. oryg. : _aBusiness : _bthe ultimate resource |
|
| 260 |
_aWarszawa : _bWydawnictwo Naukowe PWN, _c2007. |
||
| 300 |
_a256 s. ; _c23 cm. |
||
| 490 | 1 |
_aBiblioteka Gazety Wyborczej. _pBiznes ; _vT. 5 |
|
| 504 | _aBibliogr. s. 253 i przy rozdz. Indeks. | ||
| 521 | _aDla kadry zarządzającej : liderów i menedżerów, przedsiębiorców, a taże studentów. | ||
| 650 | 9 |
_aKadry _xpolityka |
|
| 655 | _aPodręczniki | ||
| 700 | 1 |
_aSzczepaniak, Krystyna. _eRed. |
|
| 700 | 1 |
_aWiankowska-Ładyka, Zofia. _eTł. |
|
| 830 |
_aBiblioteka Gazety Wyborczej. _pBiznes ; |
||
| 020 | _a9788301152819 (całość) | ||
| 020 | _a9788301152758 (t. 5) | ||
| 040 | _cBPK | ||
| 041 | 1 |
_apol _heng |
|
| 044 | _aPOL | ||
| 080 | _a005.95/.96(07) | ||
| 920 | _a978-83-01-15281-9 (całość) | ||
| 920 | _a978-83-01-15275-8 (t. 5) | ||
| 942 | _cKS | ||
| 008 | s pl f |000 0 pol | ||
| 999 |
_c54537 _d54537 |
||
| 856 |
_uhttp://koha.tu.koszalin.pl/cgi-bin/koha/opac-detail.pl?biblionumber=54537 _yKatalog online BPK |
||